MARC

Tag First Indicator Second Indicator Subfields
LEADER 00000cam a22000001a 4500
001 in00002833744
005 20190331174402.0
006 m o d
007 cr bn mmmapmmp
008 110705s1993 dcu o f000 0 eng d
035 |a cis2004629808 
040 |a ProQuest  |c ProQuest  |d UtOrBLW 
043 |a n-us--- 
086 0 |a Y 1.1/5:103-17 
099 |a ProQuest Serial Set Number 14158 S.rp.17 
110 1 |a United States.  |b Congress.  |b Senate.  |b Committee on Energy and Natural Resources. 
245 1 0 |a Rio Grande Designation Act of 1993. 
264 1 |a Washington :  |b [publisher not identified],  |c 1993. 
300 |a 1 online resource. 
336 |a text  |b txt  |2 rdacontent 
337 |a computer  |b c  |2 rdamedia 
338 |a online resource  |b cr  |2 rdacarrier 
490 0 |a S. Rpt. 103-17 
500 |a Record is based on bibliographic data in ProQuest U.S. Serial Set Digital Collection (last viewed July 2011). Reuse except for individual research requires license from ProQuest, LLC. 
510 3 |a ProQuest U.S. Serial Set Digital Collection 
500 |a Electronic resource. 
610 1 0 |a United States.  |t Wild and Scenic Rivers Act. 
650 0 |a Wild and scenic rivers. 
651 0 |a New Mexico. 
655 7 |a Electronic books.  |2 local 
710 2 |a ProQuest (Firm) 
710 1 |a United States.  |b Congressional Budget Office. 
830 0 |a United States congressional serial set. 
856 4 0 |u http://proxy.library.tamu.edu/login?url=http://congressional.proquest.com/congcomp/getdoc?SERIAL-SET-ID=14158+S.rp.17  |z Connect to the full text of this electronic book  |t 0 
999 |a MARS 
999 f f |s 6dc788d8-6248-3076-b99d-35b00c6e8d37  |i fb79e2c8-86c9-37a7-bc06-98161969e544  |t 0 
952 f f |a Texas A&M University  |b College Station  |c Electronic Resources  |d Available Online  |t 0  |e ProQuest Serial Set Number 14158 S.rp.17  |h Other scheme 
998 f f |a ProQuest Serial Set Number 14158 S.rp.17  |t 0  |l Available Online